| 000 | 00525nam a2200181Ia 4500 | ||
|---|---|---|---|
| 999 |
_c35605 _d35605 |
||
| 003 | OSt | ||
| 005 | 20210123145011.0 | ||
| 008 | 190216s9999||||xx |||||||||||||| ||und|| | ||
| 020 | _a9789350121559 | ||
| 040 | _coclc | ||
| 082 |
_a332.110954 _bGUP/B |
||
| 100 |
_aGupta, R _94058 |
||
| 245 | 0 |
_aBank PO and Management Trainee / _cR Gupta |
|
| 260 |
_bRamesh Publishing House, _aNew Delhi: _c2012. |
||
| 300 | _a704p | ||
| 650 | _aReferences | ||
| 942 |
_cREF _2ddc _h332.110954 _iGUP/B _k332.110954 _mGUP/B |
||